• 首页
  • 本馆介绍
  • 公告通知
  • 最新文献
  • 馆藏检索
  • 电子资源
  • 读者导购
  • 参考咨询
  • 我的图书馆
  • 登录
  • 详细信息显示
  • 放入我的书架
  • 预约/预借图书
  • 作者相关作品
  • 分类相关作品
  • 丛书相关作品
  • 出版社相关作品

书目信息

  • 表格格式
  • 工作单格式
  • 卡片格式
题名:
音乐
    
 
作者: ;中等师范学校音乐教材编写组 编
分册: 第一册  
出版信息: 上海   上海文艺出版社  1981
页数: 123页
开本: 25cm
丛书名:
单 册:
中图分类: J64
科图分类:
主题词: 音乐--作品--中国
电子资源:
ISBN:
000 00739nam0 2200253 45
001 0181003015
005 20040512104211.0
010    @dCNY0.69
091    @a8078.3285
100    @a19950210d1981 em y0chiy0121 ea
101 0  @achi
102    @aCN@b310000
105    @ay z 000yy
106    @ar
200 10 @a音乐@e试用本@h第一册@Ayin yue@f中等师范学校音乐教材编写组编
210    @a上海@c上海文艺出版社@d1981
215    @a123页@d25cm
300    @a中等师范学校课本
606 0  @a音乐@x作品@x中国
690    @aJ64
711 02 @a中等师范学校音乐教材编写组@Azhong deng shi fan xue xiao yin yue jiao cai bian xie zu@4编
801  0 @aCN@b上海图书馆@c20040512
801  2 @aCN@bNLC@c20040512
905    @f1@b49916@dJ64@e52:1@b49918-920@f3
    
    音乐:试用本.第一册/中等师范学校音乐教材编写组编.-上海:上海文艺出版社,1981
    123页;25cm
    中等师范学校课本
    
    ISBN :CNY0.69
    
●
相关链接 在E读中查询图书 在五车中查询图书 在当当中查询图书 在豆瓣中查询图书


正题名:音乐     索取号:J64/52:1         预约/预借

序号 登录号 条形码 馆藏地/架位号 状态 备注
1 0049916   001237771   密集书库/ [索取号:J64/52:1] 在馆    
2 0049918   001237806   第一样本阅览室/ [索取号:J64/52:1] 在馆    
3 0049919   001237824   第一借阅区/ [索取号:J64/52:1] 在馆    
4 0049920   001237833   密集书库/ [索取号:J64/52:1] 在馆    
唐山师范学院图书馆 欢迎您!
大连网信软件有限公司© 版权所有